Načítá se...

Environmental pollution: health and toxicology /

Podrobná bibliografie
Další autoři: Rana,, S.V.S
Médium: Printed Book
Vydáno: New Delhi: Narosa, 2007.
Témata:
LEADER 00552cam a2200169ua 4500
008 100818t2007||||||||||| 00 ||||| c
082 |a 363.73  |b RAN/E 
245 1 0 |a Environmental pollution: health and toxicology /  
260 |a New Delhi:  |b Narosa,  |c 2007. 
300 |a 269p.. 
362 1 |a 2007. 
650 |a Environmental pollution 
650 0 |a Pollution 
700 0 2 |a Rana,, S.V.S. 
942 |c BK 
999 |c 23160  |d 23160 
952 |0 0  |1 0  |4 0  |6 363_730000000000000_RAN  |7 0  |9 24590  |a KUCL  |b KUCL  |d 2014-05-23  |l 3  |o 363.73 RAN/  |p 23646  |r 2018-06-02  |s 2018-05-23  |w 2014-05-23  |y BK